000 00587nam a2200193Ia 4500
005 20250508150414.0
008 008 250505s9999 xx 000 0 eng d
037 _aTextual
040 _aFEDL
_beng
_cFEDL
041 _aeng
_2eng
084 _a027.4223, HUM
_qFEDL
100 _aHumble Marion
_9756616
245 0 _aRural America reads: A study of rural library service
260 _aNew York, USA
_bAmerican Association for Adult Education
_c1938
300 _aix,101p.
650 _aLibrary science
942 _cTEXL
_h027.4223, HUM
999 _c1323470
_d1323470